KOHA-Header-6

Robotics, Vision and Control (Record no. 1545)

000 -LEADER
fixed length control field 00313nam a2200133Ia 4500
008 - FIXED-LENGTH DATA ELEMENTS--GENERAL INFORMATION
fixed length control field 190723s9999 xx 000 0 und d
020 ## - INTERNATIONAL STANDARD BOOK NUMBER
International Standard Book Number 978-3-319-54412-0
100 ## - MAIN ENTRY--PERSONAL NAME
Personal name Peter Corke
245 #0 - TITLE STATEMENT
Title Robotics, Vision and Control
250 ## - EDITION STATEMENT
Edition statement 2nd
260 ## - PUBLICATION, DISTRIBUTION, ETC. (IMPRINT)
Place of publication, distribution, etc Berlin
Name of publisher, distributor, etc Springer
Date of publication, distribution, etc 2017
300 ## - PHYSICAL DESCRIPTION
Extent 693:p
942 ## - ADDED ENTRY ELEMENTS (KOHA)
Koha item type Books
Holdings
Withdrawn status Lost status Damaged status Not for loan Collection code Permanent Location Current Location Shelving location Date acquired Full call number Barcode Date last seen Price effective from Koha item type
        CSE MAJU MAJU Shelf No.A31 2019-07-23 629.892 8168 2019-07-23 2019-07-23 Computer System Engineering

Powered by Koha